Welcome to WEB OPAC of MRSPTU Central Library

Schaum's Outlines Control Systems (Record no. 6608)

MARC details
000 -LEADER
fixed length control field 00494nam a2200181Ia 4500
008 - FIXED-LENGTH DATA ELEMENTS--GENERAL INFORMATION
fixed length control field 230711s9999||||xx |||||||||||||| ||und||
020 ## - INTERNATIONAL STANDARD BOOK NUMBER
International Standard Book Number 978-0-07-068120-0
041 ## - LANGUAGE CODE
Language code of text/sound track or separate title ENG
082 ## - DEWEY DECIMAL CLASSIFICATION NUMBER
Classification number 621.317
Item number DI-C
100 ## - MAIN ENTRY--PERSONAL NAME
Personal name Distefano,Joseph J
245 #0 - TITLE STATEMENT
Title Schaum's Outlines Control Systems
250 ## - EDITION STATEMENT
Edition statement 3rd Ed.
260 ## - PUBLICATION, DISTRIBUTION, ETC.
Date of publication, distribution, etc. 2017
Place of publication, distribution, etc. New Delhi
Name of publisher, distributor, etc. McGraw Hill Education(India) Private Limited
300 ## - PHYSICAL DESCRIPTION
Extent 21.9p.
650 ## - SUBJECT ADDED ENTRY--TOPICAL TERM
Topical term or geographic name entry element Electronics Engineering
700 ## - ADDED ENTRY--PERSONAL NAME
Personal name Stubberud,Allen R.
942 ## - ADDED ENTRY ELEMENTS (KOHA)
Koha item type Book
Holdings
Withdrawn status Lost status Damaged status Not for loan Collection Home library Current library Date acquired Source of acquisition Cost, normal purchase price Inventory number Total checkouts Full call number Barcode Date last seen Price effective from Koha item type
          MRSPTU Central Library MRSPTU Central Library 08/04/2043 Krishna Book Distributors 825.00 KBD/2017-2018/1019043059   621.317 DI-C 39241 08/17/2023 08/17/2023 Book
          MRSPTU Central Library MRSPTU Central Library 08/04/2043 Krishna Book Distributors 825.00 KBD/2017-2018/1019043059   621.317 DI-C 39242 08/17/2023 08/17/2023 Book
          MRSPTU Central Library MRSPTU Central Library 08/04/2043 Krishna Book Distributors 825.00 KBD/2017-2018/1019043059   621.317 DI-C 39243 08/17/2023 08/17/2023 Book
          MRSPTU Central Library MRSPTU Central Library 08/04/2043 Krishna Book Distributors 825.00 KBD/2017-2018/1019043059   621.317 DI-C 39244 08/17/2023 08/17/2023 Book
          MRSPTU Central Library MRSPTU Central Library 08/04/2043 Krishna Book Distributors 825.00 KBD/2017-2018/1019043059   621.317 DI-C 39245 08/17/2023 08/17/2023 Book

Website Designed and Developed by MRSPTU Central Library Team

E-mail Id: librarian@mrsptu.ac.in